000 00425nam a2200181Ia 4500
001 15535
005 20260306170203.0
008 260306t2008||||xx |||||||||||||| ||und||
041 _aESP
082 _a542.1
_bM94
100 _aMuller, Graciela
_eAUT
245 0 _aLaboratorio de química general
260 _c2008
300 _a183 páginas :
_c28 cm.
650 _aGEN
654 _aCCN
942 _cLIB
_dJUS
_fJUS
_2ddc
_n
999 _c15535
_d15535